000 00486nam a2200169Ia 4500
003 OSt
005 20200103145204.0
008 190216s9999||||xx |||||||||||||| ||und||
040 _coclc
082 _a332.10954
_bDES/I
100 _aDesai, Vasant
_9846
245 0 _aIndian Banking /
_cVasant Desai
260 _bHimalaya Publishing House,
_c1991.
_aNew Delhi:
300 _a579p
650 _aEconomics
942 _cBK
_2ddc
_h332.10954
_iDES/I
_k332.10954
_mDES/I
999 _c10288
_d10288